000 01090nam0a2200301 4500
001 RU\NLR\BIBL_A\011340816
005 20250626045527.0
010 _a978-5-9907402-3-5
_91000
021 _aRU
_b2017-253и
_921и
035 _a(RuMoRGB)008801911
035 _a(NLR Aleph) 011340816
090 _a11191647
_c11191647
100 _a20170307d2016 |||y0rusy50 ca
101 0 _arus
102 _aRU
105 _aa zzzz||||yyy
200 1 _aХвалынск. Сосновый Остров
_e[фотоальбом
_fфот.: В. Бородина и др.
_gавт. текста: В. Бородина и др.]
210 _aСаратов
_cВолга
_d2016
215 _a94, [1] с.
_cцв. ил.
_d23
333 _a6+
517 1 _aСосновый Остров
607 _aХвалынск, город (Саратовская область)
_jФотоальбомы
_xИстория
_92204232
_3RU\NLR\AUTH\661324394
686 1 _aТ3(2Р-4Са-2Х)я6
942 _cBOOK
980 _aNB